Bílý dům prezidenti a politika

Gespeichert in:
Bibliographische Detailangaben
Format: Buch
Sprache:Tschechisch
Veröffentlicht: Praha Horizont 1982
Schriftenreihe:Na pomoc politickému vzdělávání
Tags: Tag hinzufügen
Keine Tags, Fügen Sie das erste Tag hinzu!

MARC

LEADER 00000nam a2200000 4500
001 c118983
005 20240806105449.8
041 0 |a cze 
044 |a CZ 
245 1 0 |a Bílý dům  |b prezidenti a politika  |c E.A. Ivanjan 
264 1 |a Praha  |b Horizont  |c 1982 
300 |a 336 s. 
490 1 |a Na pomoc politickému vzdělávání 
830 0 |a Na pomoc politickému vzdělávání